000 01310cac a2200373 i 4500
003 EG-GICUC
005 20260304094400.0
008 800605s1980 mnu frb 001 0 eng d
020 _a082992101X :
_c$25.95
040 _aDLC
_cDLC
_dDLC
_dEG-GICUC
_beng
_erda
043 _an-us---
050 0 0 _aKF9618
_b.K36 1980
082 0 0 _a343.3.073
_221
092 0 4 _221
099 _aLaw 10 1980
100 1 _aKamisar, Yale.
245 1 0 _aModern criminal procedure :
_bcases, comments and questions /
_cby Yale Kamisar, Wayne R. LaFave, Jerold H. Israel.
250 _a5th edition.
264 _aSt. Paul, Minn. :
_bWest Pub. Co.,
_c1980.
300 _alxxxix, 1635, 89 pages ;
_c26 cm.
336 _atext
_btxt
_2rdacontent
337 _aunmediated
_bn
_2rdamedia
338 _avolume
_bnc
_2rdacarrier
440 0 _aAmerican casebook series
500 _aKept up to date by supplements which update also the authors' Basic criminal procedure, 5th ed.
500 _aIncludes index.
504 _aBibliography: p. lxxi-lxxxix.
650 0 _aCriminal procedure
_zUnited States
_xCases.
700 1 _aLaFave, Wayne R.,
_ejoint author.
700 1 _aIsrael, Jerold H.,
_d1934-
_ejoint author.
856 4 0 _uhttps://fll.law.cu.edu.eg/fulltext/bks/ENGB10-00163.pdf
905 _a10
942 _2ddc
_cBK
_e21
_n0
999 _c54285
_d54285